Mladí klaviristi súťažili v Budapešti

Bibliographic Details
Main Author: Černecká, Ida, 1949- (Author)
Format: Article
Language:Slovak
ISSN:1335-4140
Subjects:

MARC

LEADER 00000nab a2200000 a 4500
001 vtls008850626
003 SK-MaSNL
005 20260304134900.0
008 250505c2006 xo zr|p|||||||000 b|slo
015 |a SNBRB2006/09  |2 snkbucl 
035 |a (uuid)8d674508-ba2b-4c1c-9b62-4e84f59b5c0c 
035 |a urn:nbn:sk:snk-ab20rw 
035 |a (urnnbn)urn:nbn:sk:snk:ar-a01dfb 
038 |a SNKBUCL 
040 |a SNKBUCL  |b slo  |c SNKBUCL  |e AACR2 
041 0 |a slo 
044 |a xo  |c SK 
080 |a 78:06.063:786.2  |x (439)  |2 2001 
080 |a 786.2  |2 2001 
100 1 |a Černecká, Ida,  |d 1949-  |4 aut  |9 131812 
245 1 0 |a Mladí klaviristi súťažili v Budapešti  |c Ida Černecká 
611 2 7 |a Medzinárodná klavírna súťaž Fryderyka Chopina  |n (2.  |d 2006 :  |c Budapešť, Maďarsko)  |2 snkbucl  |9 1453394 
650 0 7 |a hra na klavíri  |2 snkbucl  |9 16125 
773 0 |t Hudobný život  |g Roč. XXXVIII, č. 9 (2006), s. 32  |x 1335-4140 
850 |a Slovenská národná knižnica 
852 |a Slovenská národná knižnica 
954 |a odborná, vedecká literatúra pôvodná (slovenská)  |2 lita 
958 |a article27 
958 |a OND 
958 |a HU 
958 |a EUIPO 
999 |c 2908519  |d 2910449